[Event "Russian Championship B15 1st league 2016"]
[Site "Loo"]
[Date "2016.04.26"]
[Round "7.13"]
[White "Petrovsky, Andrey"]
[Black "Moskvin, Anatoly"]
[Result "0-1"]
[WhiteElo "1756"]
[BlackElo "1960"]
[PlyCount "48"]
[EventDate "2016.04.20"]

1. e4 e5 2. Nf3 Nc6 3. Bb5 Nge7 4. O-O a6 5. Ba4 d6 6. d4 Bd7 7. c3 Ng6 8. Re1
Be7 9. Nbd2 h6 10. Nf1 Bg5 11. dxe5 dxe5 12. Nxg5 hxg5 13. Bxc6 bxc6 14. Be3
Qf6 15. Qc2 Nf4 16. Rad1 Rd8 17. Rd2 Rc8 18. Bxf4 gxf4 19. f3 Qe7 20. Red1 Be6
21. b3 f6 22. Rd3 Kf7 23. Nd2 Qc5+ 24. Kh1 Rxh2+ 0-1

[Event "Russian Championship B15 1st league 2016"]
[Site "Loo"]
[Date "2016.04.26"]
[Round "7.14"]
[White "Volkov, Andrey"]
[Black "Bratchikov, Vladislav"]
[Result "1/2-1/2"]
[WhiteElo "1935"]
[BlackElo "1815"]
[PlyCount "82"]
[EventDate "2016.04.20"]

1. e4 c6 2. d4 d5 3. Nc3 dxe4 4. Nxe4 Bf5 5. Ng3 Bg6 6. Nf3 Nd7 7. h4 h6 8. h5
Bh7 9. Bd3 Bxd3 10. Qxd3 e6 11. Bd2 Qc7 12. O-O-O Ngf6 13. Ne4 Nxe4 14. Qxe4
Nf6 15. Qe2 O-O-O 16. g3 Bd6 17. c4 Qe7 18. Ba5 Bc7 19. Bxc7 Qxc7 20. Ne5 Rd6
21. g4 Rhd8 22. Qe3 Ng8 23. f4 f6 24. Nf3 Qf7 25. b3 Qd7 26. Rd2 b6 27. g5 Ne7
28. gxf6 gxf6 29. Rhd1 Nf5 30. Qg1 Qf7 31. Qg6 Qxg6 32. hxg6 Rg8 33. Rg1 Rd7
34. Kb2 Rdg7 35. Rdg2 h5 36. Kc3 h4 37. Rg4 h3 38. Nh4 Nxh4 39. Rxh4 Rxg6 40.
Rxg6 Rxg6 41. Rxh3 Rg4 1/2-1/2

[Event "Russian Championship B15 1st league 2016"]
[Site "Loo"]
[Date "2016.04.26"]
[Round "7.15"]
[White "Arbuzov, Mikhail"]
[Black "Smirnov, Roman"]
[Result "1/2-1/2"]
[WhiteElo "1925"]
[BlackElo "1792"]
[PlyCount "80"]
[EventDate "2016.04.20"]

1. d4 d5 2. c4 dxc4 3. e3 e6 4. Bxc4 a6 5. a4 Nf6 6. Nc3 c5 7. Nf3 Be7 8. O-O
O-O 9. Qe2 Nc6 10. Rd1 cxd4 11. exd4 Nd5 12. h3 Nxc3 13. bxc3 Qc7 14. Bd3 Bd7
15. Bg5 h6 16. Bxe7 Nxe7 17. c4 Bc6 18. Ne5 Rac8 19. Qh5 Qa5 20. g4 f5 21. g5
Be8 22. Qh4 hxg5 23. Qxg5 Nc6 24. Nxc6 Rxc6 25. Kh2 Qc3 26. Qe3 Rd6 27. Be2
Qxe3 28. fxe3 Bc6 29. c5 Rdd8 30. Bc4 Rf6 31. Rf1 Kf8 32. a5 g5 33. Kg3 Ke7 34.
Rad1 Rh6 35. Rf2 Be4 36. Rdd2 Rdh8 37. Bf1 Rd8 38. Rh2 Bd5 39. Rhf2 Be4 40. Rh2
Bd5 1/2-1/2

[Event "Russian Championship B15 1st league 2016"]
[Site "Loo"]
[Date "2016.04.26"]
[Round "7.16"]
[White "Shengeliya, Mikhail"]
[Black "Dzagov, Kambulat"]
[Result "1/2-1/2"]
[WhiteElo "1910"]
[BlackElo "1651"]
[PlyCount "124"]
[EventDate "2016.04.20"]

1. e4 d5 2. exd5 Qxd5 3. Nc3 Qd6 4. d4 Nf6 5. Nf3 c6 6. Ne5 g6 7. Bc4 Be6 8.
O-O Bg7 9. Re1 Bxc4 10. Nxc4 Qd8 11. Qe2 e6 12. Bf4 O-O 13. Rad1 Nbd7 14. Nd6
Nh5 15. Be5 b5 16. Bxg7 Nxg7 17. Nce4 Nf6 18. c4 Nxe4 19. Nxe4 a6 20. d5 cxd5
21. cxd5 exd5 22. Rxd5 Qa5 23. Nf6+ Kh8 24. Red1 Rad8 25. Qd3 Ne6 26. Qh3 h5
27. Nxh5 Rxd5 28. Nf6+ Rh5 29. Nxh5 gxh5 30. Qxh5+ Kg8 31. h4 Qxa2 32. Qg4+ Ng7
33. h5 Qe6 34. Qg3 Rc8 35. Kh2 Rc5 36. Rd8+ Kh7 37. Qd3+ Qf5 38. Qxf5+ Rxf5 39.
Kg3 Rxh5 40. Ra8 Rh6 41. Ra7 Rf6 42. f3 Kg6 43. Kf2 Nf5 44. g3 Nd4 45. f4 Kf5
46. Ke3 Nb3 47. Kf3 Nd2+ 48. Ke3 Nc4+ 49. Kf3 Nxb2 50. g4+ Kg6 51. g5 Rc6 52.
Kg4 Nc4 53. f5+ Kg7 54. Kh5 Ne5 55. f6+ Kh7 56. g6+ Nxg6 57. Rxf7+ Kg8 58. Kxg6
Rc8 59. Ra7 Rb8 60. Rxa6 b4 61. Ra1 b3 62. Rb1 Rb6 1/2-1/2

[Event "Russian Championship B15 1st league 2016"]
[Site "Loo"]
[Date "2016.04.26"]
[Round "7.17"]
[White "Rovnov, Vladislav"]
[Black "Korobov, Ivan"]
[Result "1-0"]
[WhiteElo "1993"]
[BlackElo "1767"]
[PlyCount "59"]
[EventDate "2016.04.20"]

1. d4 d5 2. Nf3 c6 3. g3 e6 4. Bg2 Nf6 5. O-O Be7 6. c4 dxc4 7. a4 b5 8. Ne5
Nd5 9. b3 cxb3 10. Qxb3 b4 11. e4 Nc7 12. Be3 a5 13. Nd2 Bb7 14. Rac1 O-O 15.
Rfd1 Bf6 16. Ndc4 Qe7 17. Nd3 g6 18. Nc5 Bc8 19. Bf4 Bxd4 20. Rxd4 Qxc5 21. Qe3
e5 22. Nxe5 Qa7 23. Rcd1 Ne6 24. Ng4 Nxf4 25. Nf6+ Kg7 26. Qxf4 Qe7 27. e5 Bb7
28. Qg5 Qe6 29. Rh4 h5 30. Nxh5+ 1-0

[Event "Russian Championship B15 1st league 2016"]
[Site "Loo"]
[Date "2016.04.26"]
[Round "7.18"]
[White "Rogotskiy, Yuriy"]
[Black "Koliev, Irlan"]
[Result "0-1"]
[WhiteElo "1967"]
[BlackElo "1737"]
[PlyCount "56"]
[EventDate "2016.04.20"]

1. d4 c5 2. d5 e5 3. e4 d6 4. Nc3 g6 5. Be2 Bg7 6. Nf3 Ne7 7. O-O O-O 8. Nd2 a6
9. a4 f5 10. Nc4 f4 11. Bg4 h5 12. Be6+ Kh7 13. g4 Rf6 14. g5 Rf8 15. a5 Bxe6
16. dxe6 Nc8 17. h4 Nc6 18. Nd5 Nd4 19. Ncb6 Nxb6 20. e7 Qd7 21. exf8=N+ Rxf8
22. Kh2 Nxd5 23. c3 f3 24. Rg1 Ne2 25. exd5 e4 26. Be3 Be5+ 27. Rg3 Qg4 28. Qf1
Nxg3 0-1

[Event "Russian Championship B15 1st league 2016"]
[Site "Loo"]
[Date "2016.04.26"]
[Round "7.19"]
[White "Fominov, Andrei"]
[Black "Dolgikh, Evgeniy"]
[Result "0-1"]
[WhiteElo "1730"]
[BlackElo "1938"]
[PlyCount "80"]
[EventDate "2016.04.20"]

1. d4 d5 2. c4 e6 3. Nc3 Nf6 4. cxd5 exd5 5. Bg5 c6 6. e3 Be7 7. Bd3 Be6 8. Qc2
h6 9. Bf4 O-O 10. Nf3 Nbd7 11. O-O a6 12. Rab1 b5 13. Rfc1 Qb6 14. Nd1 Rfc8 15.
Qd2 c5 16. dxc5 Nxc5 17. Nd4 Nce4 18. Bxe4 dxe4 19. Nxe6 Qxe6 20. a3 Nd5 21. b4
Nb6 22. Nb2 Bf6 23. Bc7 Bxb2 24. Qxb2 Nc4 25. Rxc4 bxc4 26. Be5 f6 27. Bd4 Qc6
28. Qc3 Rab8 29. Rc1 Qb5 30. Bc5 Rxc5 31. bxc5 Qxc5 32. g3 Rc8 33. Kf1 Qd5 34.
Qd4 Qxd4 35. exd4 Kf7 36. Rd1 Ke6 37. d5+ Kd6 38. Ke2 c3 39. f3 c2 40. Rc1 f5
0-1

[Event "Russian Championship B15 1st league 2016"]
[Site "Loo"]
[Date "2016.04.26"]
[Round "7.20"]
[White "Pochtarenko, Dmitrii"]
[Black "Tambovtsev, Daniil"]
[Result "0-1"]
[WhiteElo "1647"]
[BlackElo "1864"]
[PlyCount "108"]
[EventDate "2016.04.20"]

1. e4 e6 2. d4 d5 3. e5 c5 4. c3 Nc6 5. Nf3 Nge7 6. Bd3 cxd4 7. cxd4 Nf5 8.
Bxf5 exf5 9. Nc3 Be6 10. O-O h6 11. h4 Be7 12. g3 g5 13. hxg5 hxg5 14. Kg2 f4
15. Rh1 Rxh1 16. Qxh1 g4 17. Qh8+ Kd7 18. Qxd8+ Rxd8 19. Ne1 f3+ 20. Kg1 Nxd4
21. Be3 Nc6 22. Rd1 Kc8 23. Bf4 d4 24. Ne4 Bxa2 25. Nd6+ Bxd6 26. exd6 Re8 27.
Nd3 b6 28. Rc1 Kd7 29. b4 a6 30. Kf1 f6 31. Nb2 b5 32. Rc5 Ne5 33. Rc7+ Kxd6
34. Ra7 Kd5 35. Rxa6 Bc4+ 36. Kg1 Nc6 37. Nxc4 bxc4 38. b5 Re1+ 39. Kh2 Nb4 40.
Rd6+ Kc5 41. Bd2 Rf1 42. Bxb4+ Kxb4 43. Rxd4 Rxf2+ 44. Kg1 Rg2+ 45. Kf1 Kxb5
46. Rxg4 c3 47. Rg8 c2 48. Rb8+ Ka4 49. Ra8+ Kb3 50. Rb8+ Ka2 51. Ra8+ Kb2 52.
Rb8+ Kc1 53. Ke1 Re2+ 54. Kf1 Kd1 0-1

[Event "Russian Championship B15 1st league 2016"]
[Site "Loo"]
[Date "2016.04.26"]
[Round "7.21"]
[White "Kumakov, Ivan"]
[Black "Sanarov, Leonid"]
[Result "0-1"]
[WhiteElo "1697"]
[BlackElo "1849"]
[PlyCount "80"]
[EventDate "2016.04.20"]

1. e4 c6 2. d4 d5 3. e5 Bf5 4. h4 h5 5. c4 e6 6. Nc3 Nd7 7. cxd5 cxd5 8. Bd3
Bxd3 9. Qxd3 Ne7 10. Bg5 Qb6 11. Nge2 Nc6 12. O-O Be7 13. Bxe7 Nxe7 14. Nf4 g6
15. Nce2 Nf5 16. g3 Nb8 17. b3 Nc6 18. Rad1 Rc8 19. Rc1 O-O 20. Rfd1 Rc7 21.
Ng2 Rfc8 22. Ne3 Nfe7 23. Nc2 Nf5 24. Kg2 Ncxd4 25. Ncxd4 Rxc1 26. Nxc1 Qxd4
27. Qxd4 Nxd4 28. Rxd4 Rxc1 29. Rd2 Kf8 30. f4 Ke7 31. Kf3 Kd7 32. Ke3 Rc3+ 33.
Kf2 Kc6 34. Kg2 Kc5 35. Kf2 b5 36. Kg2 a5 37. Kf2 d4 38. Kg2 Kd5 39. Kf2 Ke4
40. Re2+ Kd3 0-1

[Event "Russian Championship B15 1st league 2016"]
[Site "Loo"]
[Date "2016.04.26"]
[Round "7.22"]
[White "Kumargaliev, Marsel"]
[Black "Rudikov, Dmitry"]
[Result "1-0"]
[WhiteElo "1838"]
[BlackElo "1678"]
[PlyCount "47"]
[EventDate "2016.04.20"]

1. e4 c5 2. Nc3 Nc6 3. g3 e6 4. Bg2 Nf6 5. f4 d6 6. d3 Be7 7. Nf3 O-O 8. O-O b6
9. h3 Bb7 10. g4 a6 11. f5 b5 12. Ne2 Qc7 13. Nh2 Rad8 14. g5 Nd7 15. f6 gxf6
16. gxf6 Bxf6 17. Bh6 Bg7 18. Qd2 Nde5 19. Bxg7 Kxg7 20. Qg5+ Ng6 21. Nf4 Rh8
22. Nxe6+ fxe6 23. Qf6+ Kh6 24. Rf4 1-0

[Event "Russian Championship B15 1st league 2016"]
[Site "Loo"]
[Date "2016.04.26"]
[Round "7.23"]
[White "Lipilin, Ilia"]
[Black "Shaidullin, Ratmir"]
[Result "0-1"]
[WhiteElo "1827"]
[BlackElo "1647"]
[PlyCount "62"]
[EventDate "2016.04.20"]

1. d4 d5 2. c4 e6 3. Nc3 c6 4. cxd5 exd5 5. Nf3 f5 6. Bf4 Nf6 7. e3 Bd6 8. Bg5
O-O 9. Bd3 Qb6 10. Qc2 Ne4 11. Bh4 Nd7 12. O-O Ndf6 13. Bxf6 Rxf6 14. Nd2 Rh6
15. h3 Bd7 16. a3 Qd8 17. f4 g5 18. Ne2 Nxd2 19. Qxd2 g4 20. hxg4 fxg4 21. Ng3
Be7 22. Kf2 Bh4 23. Rh1 Qf6 24. Rae1 Re8 25. Qc2 Bxg3+ 26. Kxg3 Rxe3+ 27. Rxe3
Rxh1 28. Kf2 Qxf4+ 29. Ke2 Rh2 30. Kd2 Rxg2+ 31. Be2 Qxd4+ 0-1

[Event "Russian Championship B15 1st league 2016"]
[Site "Loo"]
[Date "2016.04.26"]
[Round "7.24"]
[White "Glukhov, Dmitriy"]
[Black "Shilov, Victor"]
[Result "1-0"]
[WhiteElo "1824"]
[BlackElo "1485"]
[PlyCount "93"]
[EventDate "2016.04.20"]

1. d4 Nf6 2. c4 g6 3. Nf3 Bg7 4. g3 O-O 5. Bg2 d6 6. O-O c6 7. Nc3 Nbd7 8. Qc2
e5 9. dxe5 dxe5 10. b3 Qc7 11. Ba3 Re8 12. Nd2 Nb6 13. Nde4 Nxe4 14. Nxe4 Bf5
15. Rad1 Bxe4 16. Bxe4 Rad8 17. Bg2 Bf8 18. Bc1 Rxd1 19. Rxd1 Rd8 20. Be3 Rd7
21. Bh3 Rxd1+ 22. Qxd1 Be7 23. Bc1 Qd8 24. Qxd8+ Bxd8 25. Bb2 f6 26. c5 Nd5 27.
Bc8 b6 28. cxb6 Nxb6 29. Bb7 c5 30. Kg2 Kf7 31. f4 Bc7 32. Kf3 Ke6 33. e4 h6
34. Bc1 g5 35. fxg5 hxg5 36. Kg4 Kf7 37. h4 gxh4 38. gxh4 Bd6 39. Be3 Bf8 40.
Kf5 Be7 41. h5 Bf8 42. h6 Be7 43. a4 a5 44. h7 Kg7 45. Ke6 Bd8 46. Bxc5 Kxh7
47. Kd6 1-0

[Event "Russian Championship B15 1st league 2016"]
[Site "Loo"]
[Date "2016.04.26"]
[Round "7.25"]
[White "Kiselev, Vladislav"]
[Black "Anikiev, Yan"]
[Result "1-0"]
[WhiteElo "1803"]
[BlackElo "1628"]
[PlyCount "83"]
[EventDate "2016.04.20"]

1. e4 e5 2. Nf3 Nc6 3. Bb5 a6 4. Ba4 Nf6 5. O-O Be7 6. Re1 b5 7. Bb3 d6 8. c3
O-O 9. h3 Na5 10. Bc2 c5 11. d4 Qc7 12. Nbd2 cxd4 13. cxd4 Nc6 14. d5 Nb4 15.
Bb1 a5 16. Nf1 Bd7 17. Ng3 Rfc8 18. Bd2 Na6 19. Kh1 Nc5 20. Bc2 Qb7 21. Rc1 b4
22. Nh2 a4 23. Bb1 Ne8 24. f4 exf4 25. Bxf4 Bf6 26. e5 dxe5 27. Bxe5 Bxe5 28.
Rxe5 Qc7 29. d6 Qb6 30. Qg1 Ra5 31. Rd1 Nxd6 32. Qd4 Ndb7 33. Rg5 f6 34. Nh5
Kh8 35. Rxg7 Qe6 36. Rxh7+ Kg8 37. Nxf6+ Kf8 38. Nxd7+ Nxd7 39. Qh8+ Qg8 40.
Rf1+ Ke8 41. Qxg8+ Nf8 42. Rxf8# 1-0

[Event "Russian Championship B15 1st league 2016"]
[Site "Loo"]
[Date "2016.04.26"]
[Round "7.26"]
[White "Galkin, Vladislav"]
[Black "Martyntsev, Roman"]
[Result "1-0"]
[WhiteElo "1659"]
[BlackElo "1768"]
[PlyCount "49"]
[EventDate "2016.04.20"]

1. d4 Nf6 2. Nf3 g6 3. c4 Bg7 4. Nc3 d5 5. cxd5 Nxd5 6. e4 Nxc3 7. bxc3 c5 8.
Bb5+ Bd7 9. Bxd7+ Nxd7 10. O-O Qc7 11. Be3 O-O 12. Qd2 Rac8 13. Bh6 Rfd8 14.
Bxg7 Kxg7 15. d5 Nf6 16. Rfe1 c4 17. Rab1 e6 18. Qd4 b6 19. Rbd1 Qf4 20. d6 Rc6
21. e5 Nd5 22. Re4 Qf5 23. Rde1 Rd7 24. Qd2 h6 25. Nd4 1-0

[Event "Russian Championship B15 1st league 2016"]
[Site "Loo"]
[Date "2016.04.26"]
[Round "7.27"]
[White "Mukhutdinov, Tigran"]
[Black "Frolkin, Nikita"]
[Result "1/2-1/2"]
[WhiteElo "2059"]
[BlackElo "1602"]
[PlyCount "98"]
[EventDate "2016.04.20"]

1. e4 c5 2. Nf3 Nc6 3. d4 cxd4 4. Nxd4 g6 5. Nc3 Bg7 6. Be3 Nf6 7. Be2 d6 8.
O-O O-O 9. h3 Bd7 10. Nb3 Rc8 11. f4 a6 12. Bf3 Na5 13. Nxa5 Qxa5 14. Bd4 Rfd8
15. Kh1 Nh5 16. Bxh5 Bxd4 17. Qxd4 Qxh5 18. Kh2 Qc5 19. Rfd1 Qxd4 20. Rxd4 Kf8
21. Rad1 Ke8 22. g4 f5 23. gxf5 gxf5 24. e5 dxe5 25. fxe5 Be6 26. Rxd8+ Rxd8
27. Rxd8+ Kxd8 28. a3 Kd7 29. Ne2 Kc6 30. Kg3 Kd5 31. Kf4 Bf7 32. Nc1 e6 33.
Nd3 h6 34. Ke3 b5 35. Kf4 a5 36. Nc1 Kc4 37. Nb3 a4 38. Na5+ Kc5 39. Nb7+ Kb6
40. Nd6 Bg6 41. b4 axb3 42. cxb3 Kc6 43. b4 Bh5 44. Nc8 Kc7 45. Nd6 Kc6 46. h4
Bg6 47. Ke3 Kd5 48. Kf4 Kc6 49. Nc8 Kc7 1/2-1/2

[Event "Russian Championship B15 1st league 2016"]
[Site "Loo"]
[Date "2016.04.26"]
[Round "7.28"]
[White "Gabdrakhmanov, Azat"]
[Black "Karamov, Stepan"]
[Result "1-0"]
[WhiteElo "1904"]
[BlackElo "1707"]
[PlyCount "71"]
[EventDate "2016.04.20"]

1. e4 c5 2. Nf3 e6 3. d4 cxd4 4. Nxd4 Nf6 5. Bd3 Nc6 6. Nxc6 dxc6 7. O-O e5 8.
Nc3 Be6 9. Kh1 Be7 10. f4 exf4 11. Bxf4 O-O 12. Qf3 Qb6 13. Rab1 Rfe8 14. Bg3
Nd7 15. e5 Qc7 16. Rbe1 Nc5 17. Bf5 a5 18. Ne4 Nxe4 19. Qxe4 g6 20. Bxe6 fxe6
21. Qg4 Qc8 22. Rf3 Rf8 23. Ref1 Rf5 24. Rxf5 exf5 25. Qc4+ Kg7 26. Rd1 Qc7 27.
e6 Rd8 28. Re1 Qb6 29. h3 Qb4 30. Qe2 Qd2 31. Qe5+ Kg8 32. Qc7 Qb4 33. a3 Qc5
34. c3 Kf8 35. Bh4 Bxh4 36. Qf7# 1-0

[Event "Russian Championship B15 1st league 2016"]
[Site "Loo"]
[Date "2016.04.26"]
[Round "7.29"]
[White "Novikov, Aleksey"]
[Black "Tsopanov, Mikhail"]
[Result "1-0"]
[WhiteElo "1823"]
[BlackElo "1572"]
[PlyCount "73"]
[EventDate "2016.04.20"]

1. e4 c6 2. Nc3 d5 3. Nf3 Bg4 4. exd5 cxd5 5. h3 Bxf3 6. Qxf3 e6 7. d4 Nf6 8.
Bf4 a6 9. Be5 Be7 10. Bd3 O-O 11. Ne2 Nc6 12. Bf4 Qb6 13. O-O-O Rac8 14. Kb1
Nb4 15. g4 Qa5 16. a3 Nxd3 17. Rxd3 Ne4 18. Ng3 Nxg3 19. fxg3 b5 20. g5 b4 21.
axb4 Qxb4 22. h4 Rb8 23. Bxb8 Rxb8 24. Rb3 Qd6 25. Rxb8+ Qxb8 26. Rf1 Qe8 27.
Qd3 a5 28. Rf3 Bb4 29. h5 Qe7 30. g6 hxg6 31. hxg6 f6 32. Re3 Bd6 33. g4 Qe8
34. g5 f5 35. Qxf5 Qd7 36. Qxe6+ Qxe6 37. Rxe6 1-0

[Event "Russian Championship B15 1st league 2016"]
[Site "Loo"]
[Date "2016.04.26"]
[Round "7.30"]
[White "Gorbunov, Semen"]
[Black "Safin, Timur"]
[Result "0-1"]
[WhiteElo "1675"]
[BlackElo "1802"]
[PlyCount "62"]
[EventDate "2016.04.20"]

1. e4 e5 2. Nf3 Nc6 3. Bc4 Bc5 4. Nc3 Nf6 5. d3 d6 6. h3 Na5 7. Bb3 Nxb3 8.
axb3 O-O 9. Bg5 c6 10. O-O h6 11. Bh4 g5 12. Bg3 Re8 13. Qd2 Kh7 14. Rfe1 Nh5
15. Bh2 g4 16. hxg4 Bxg4 17. Qe2 Qf6 18. Na4 Rg8 19. Kf1 Bb4 20. Nc3 Qg7 21.
Qd1 Bc5 22. g3 f5 23. exf5 Raf8 24. Ne4 Rxf5 25. Nxc5 Rxf3 26. Qd2 dxc5 27.
Rxa7 Bh3+ 28. Kg1 Nxg3 29. fxg3 Rxg3+ 30. Bxg3 Qxg3+ 31. Kh1 Qf3+ 0-1

[Event "Russian Championship B15 1st league 2016"]
[Site "Loo"]
[Date "2016.04.26"]
[Round "7.31"]
[White "Stepanenko, Kirill"]
[Black "Sheletun, Yakov"]
[Result "0-1"]
[WhiteElo "1670"]
[BlackElo "1790"]
[PlyCount "114"]
[EventDate "2016.04.20"]

1. e4 e6 2. d4 d5 3. Nc3 dxe4 4. Nxe4 Nd7 5. Nf3 Ngf6 6. Bd3 c5 7. O-O cxd4 8.
Nxd4 Nxe4 9. Bxe4 Nf6 10. Bf3 Be7 11. Nb5 Qb6 12. Qd3 Bd7 13. Be3 Qxb5 14. c4
Qf5 15. Qb3 Bc6 16. Bxc6+ bxc6 17. Qb7 Rd8 18. Qxc6+ Nd7 19. Bxa7 O-O 20. b3
Ne5 21. Qb5 Rd7 22. Bb8 Nf3+ 23. gxf3 Qxb5 24. cxb5 Rxb8 25. a4 Rd3 26. Kg2
Rxb3 27. Rfb1 Rxb1 28. Rxb1 Bd8 29. Kf1 Bb6 30. Rc1 Kf8 31. Rc6 Ke7 32. Ke2 Kd7
33. f4 Bc7 34. Ke3 Rb6 35. Rc4 Rd6 36. f3 Bb6+ 37. Ke2 Rd4 38. Rc6 Bc7 39. Ra6
Rb4 40. h3 Kc8 41. Ra8+ Bb8 42. Ra6 Kb7 43. Kd3 Rxf4 44. a5 Bc7 45. Ke3 Rc4 46.
Kd3 Rc5 47. Rc6 Rxc6 48. a6+ Rxa6 49. bxa6+ Kxa6 50. Kc4 Kb6 51. Kd4 f5 52. Kc4
Kc6 53. Kd4 e5+ 54. Kc4 g5 55. Kd3 Kd5 56. Ke3 e4 57. fxe4+ fxe4 0-1

[Event "Russian Championship B15 1st league 2016"]
[Site "Loo"]
[Date "2016.04.26"]
[Round "7.32"]
[White "Dobrynin, Yaroslav"]
[Black "Petrov, Nikolay"]
[Result "1/2-1/2"]
[WhiteElo "1668"]
[BlackElo "1788"]
[PlyCount "111"]
[EventDate "2016.04.20"]

1. e4 c5 2. Nf3 d6 3. d4 cxd4 4. Nxd4 Nf6 5. Nc3 g6 6. Be3 Bg7 7. f3 Nc6 8. Qd2
O-O 9. O-O-O Bd7 10. g4 Rc8 11. h4 h5 12. g5 Ne8 13. f4 Bg4 14. Be2 Bxe2 15.
Qxe2 Qa5 16. Qb5 Qxb5 17. Ndxb5 a6 18. Nd4 Nc7 19. Rhf1 Nxd4 20. Bxd4 e5 21.
fxe5 Bxe5 22. Bxe5 dxe5 23. Rd7 b5 24. Rf6 b4 25. Nd5 Nxd5 26. Rxd5 Rc4 27.
Rxe5 Rfc8 28. Rf2 R8c7 29. Re2 Kf8 30. Ra5 R7c6 31. Ra4 Re6 32. a3 a5 33. c3
Rexe4 34. Rxe4 Rxe4 35. cxb4 Rxh4 36. Rxa5 Rg4 37. Ra8+ Kg7 38. b5 Rxg5 39. a4
h4 40. b6 h3 41. b7 h2 42. Rg8+ Kf6 43. Rh8 Rh5 44. Rxh5 gxh5 45. b8=Q h1=Q+
46. Kd2 Qg2+ 47. Ke3 Qg1+ 48. Kd3 Qd1+ 49. Ke3 Qc1+ 50. Ke2 Qc4+ 51. Ke3 Qc1+
52. Ke2 Qc4+ 53. Ke3 Qc5+ 54. Kf3 Qd5+ 55. Ke3 Qe6+ 56. Kf3 1/2-1/2

[Event "Russian Championship B15 1st league 2016"]
[Site "Loo"]
[Date "2016.04.26"]
[Round "7.33"]
[White "Mamoshin, Oleg"]
[Black "Babunov, Alexander"]
[Result "0-1"]
[WhiteElo "1655"]
[BlackElo "1780"]
[PlyCount "134"]
[EventDate "2016.04.20"]

1. e4 c5 2. Nf3 e6 3. d4 cxd4 4. Nxd4 Nf6 5. Nc3 d6 6. g4 Be7 7. g5 Nfd7 8. Be3
Nc6 9. h4 a6 10. f4 Qa5 11. Qd2 O-O 12. h5 Rd8 13. O-O-O Nf8 14. Qf2 Nd7 15.
Qd2 Rb8 16. Bh3 Nf8 17. Rdf1 Nxd4 18. Qxd4 e5 19. Qb6 Qxb6 20. Bxb6 Re8 21. Nd5
Bxh3 22. Rxh3 exf4 23. Nxe7+ Rxe7 24. Rxf4 Rbe8 25. Re3 d5 26. Ref3 dxe4 27.
Re3 Re5 28. Rg4 Nd7 29. Bd4 R5e6 30. h6 g6 31. Rf4 b6 32. b3 Nc5 33. Bxc5 bxc5
34. Kb2 Re5 35. Rg4 Kf8 36. Kc3 R8e6 37. b4 cxb4+ 38. Kd4 Ra5 39. Rexe4 Rxe4+
40. Rxe4 Rxg5 41. Kc4 a5 42. Rd4 Ke7 43. Re4+ Kd6 44. Rd4+ Ke6 45. Re4+ Re5 46.
Rd4 Ke7 47. Kb3 f5 48. Rc4 Kf6 49. Rc7 Re7 50. Rc5 Re3+ 51. Kb2 Re5 52. Rc7 Re7
53. Rc5 Ra7 54. Kb3 Kg5 55. a3 bxa3 56. Kxa3 Kxh6 57. c4 f4 58. Rc8 Rf7 59. Rd8
f3 60. Rd1 f2 61. Rf1 g5 62. c5 g4 63. c6 g3 64. Rh1+ Kg7 65. Rf1 g2 66. c7
Rxc7 67. Rxf2 g1=Q 0-1

[Event "Russian Championship B15 1st league 2016"]
[Site "Loo"]
[Date "2016.04.26"]
[Round "7.35"]
[White "Prishibilovich, Matvei"]
[Black "Fomichev, Ilya"]
[Result "1/2-1/2"]
[WhiteElo "1629"]
[BlackElo "1723"]
[PlyCount "134"]
[EventDate "2016.04.20"]

1. d4 d5 2. c4 e6 3. Nf3 Nf6 4. Bg5 Nbd7 5. Nc3 c6 6. e3 Qa5 7. Nd2 Bb4 8. Qc2
Ne4 9. Ndxe4 dxe4 10. Bh4 Nb6 11. a3 O-O 12. Be2 Bxc3+ 13. Qxc3 Qf5 14. O-O g5
15. Bg3 Qg6 16. h3 f5 17. Qd2 h5 18. Qd1 h4 19. Be5 Kh7 20. Bh5 Qh6 21. Be2 Rg8
22. Rc1 Nd7 23. Bd6 Nf6 24. Be5 Bd7 25. Kh2 Raf8 26. Qb3 Bc8 27. Qa4 g4 28. Bf4
Qg6 29. Rg1 Rf7 30. Qxa7 Rfg7 31. g3 Qh5 32. Qa5 hxg3+ 33. Rxg3 Qh4 34. Kg2
gxh3+ 35. Kh2 Rxg3 36. fxg3 Ng4+ 37. Bxg4 Qxg4 38. Qe1 Bd7 39. Qf1 Kg7 40. Be5+
Kf7 41. Re1 Rg6 42. c5 Ke7 43. Qxh3 Qxh3+ 44. Kxh3 Rh6+ 45. Kg2 Be8 46. Rh1
Rxh1 47. Kxh1 Bh5 48. Kg2 Kd7 49. Kh3 Ke7 50. Kh4 Be2 51. b4 Bf3 52. Kg5 Be2
53. Kg6 Bg4 54. a4 Bd1 55. a5 Be2 56. Kg5 Kf7 57. Kf4 Ke7 58. g4 fxg4 59. b5
Bxb5 60. Kxg4 Bc4 61. Kf4 Bd5 62. Bh8 Kf8 63. Ke5 Ke7 64. Bf6+ Kd7 65. Bh4 Kc7
66. Be7 Kd7 67. Bf8 Ke8 1/2-1/2

[Event "Russian Championship B15 1st league 2016"]
[Site "Loo"]
[Date "2016.04.26"]
[Round "7.36"]
[White "Safin, Danis"]
[Black "Morgachev, Sergey"]
[Result "1-0"]
[WhiteElo "1627"]
[BlackElo "1721"]
[PlyCount "63"]
[EventDate "2016.04.20"]

1. c4 e5 2. g3 Nc6 3. Bg2 d6 4. Nc3 Be6 5. d3 Qd7 6. e3 g6 7. Rb1 a5 8. a3 Bg7
9. b4 axb4 10. axb4 Qc8 11. b5 Nce7 12. Nd5 Nxd5 13. cxd5 Bg4 14. Ne2 Nf6 15.
O-O Bh3 16. Qb3 Bxg2 17. Kxg2 b6 18. Bd2 h5 19. Qc4 h4 20. Qc6+ Kf8 21. Ng1 Ra2
22. Ra1 hxg3 23. hxg3 Ng4 24. Rxa2 e4 25. Nh3 Ke7 26. Ra7 Nxe3+ 27. fxe3 Qxh3+
28. Kf2 Qh2+ 29. Ke1 Qxg3+ 30. Kd1 f5 31. Qxc7+ Kf6 32. Qe7# 1-0

[Event "Russian Championship B15 1st league 2016"]
[Site "Loo"]
[Date "2016.04.26"]
[Round "7.37"]
[White "Tikhonov, Viacheslav"]
[Black "Grigoriants, Boris"]
[Result "1-0"]
[WhiteElo "1611"]
[BlackElo "1801"]
[PlyCount "49"]
[EventDate "2016.04.20"]

1. d4 g6 2. c4 Bg7 3. Nc3 c5 4. d5 Bxc3+ 5. bxc3 f5 6. Nf3 Qa5 7. Qc2 Nf6 8.
Bh6 d6 9. e3 Nbd7 10. Be2 Nb6 11. O-O Ng4 12. Bg5 Nf6 13. Bd3 Bd7 14. Nd2 Ng4
15. Rfe1 Ne5 16. f4 Ba4 17. Nb3 Nxd3 18. Qxd3 Qa6 19. e4 fxe4 20. Rxe4 Bxb3 21.
Rxe7+ Kf8 22. Qe3 Qxc4 23. Bh6+ Kg8 24. Rg7+ Kf8 25. Qe7# 1-0

[Event "Russian Championship B15 1st league 2016"]
[Site "Loo"]
[Date "2016.04.26"]
[Round "7.38"]
[White "Shmelev, Mikhail"]
[Black "Chursin, Aleksandr"]
[Result "0-1"]
[WhiteElo "1589"]
[BlackElo "1798"]
[PlyCount "96"]
[EventDate "2016.04.20"]

1. e4 c5 2. Nf3 Nc6 3. d4 cxd4 4. Nxd4 e5 5. Nb3 Nf6 6. Bg5 h6 7. Bxf6 Qxf6 8.
Be2 Be7 9. O-O O-O 10. Nc3 d6 11. Bg4 Be6 12. Nd5 Bxd5 13. exd5 Nb8 14. c4 Na6
15. Qf3 Qxf3 16. Bxf3 f5 17. a3 Rfc8 18. Rac1 Bg5 19. Rc2 Rc7 20. g3 b6 21. Be2
Bf6 22. Nd2 Rac8 23. b4 Nb8 24. Rfc1 Nd7 25. h4 g5 26. hxg5 Bxg5 27. Rf1 e4 28.
f4 Bf6 29. g4 Bd4+ 30. Kh1 Nf6 31. Nb3 Be3 32. Rc3 Nxd5 33. Rxe3 Nxe3 34. Rg1
Rg7 35. Nd4 fxg4 36. Ne6 Rg6 37. f5 Nxf5 38. Bxg4 Ne3 39. Be2 Rxg1+ 40. Kxg1
Nxc4 41. Nf4 Nxa3 42. Nd5 Rc1+ 43. Kf2 Kf7 44. Bh5+ Ke6 45. Nf4+ Ke5 46. Ne2
Rc2 47. Ke1 Rxe2+ 48. Bxe2 Nc2+ 0-1

[Event "Russian Championship B15 1st league 2016"]
[Site "Loo"]
[Date "2016.04.26"]
[Round "7.39"]
[White "Shilo, Kirill"]
[Black "Arkhipenko, Denis"]
[Result "1-0"]
[WhiteElo "1586"]
[BlackElo "1757"]
[PlyCount "77"]
[EventDate "2016.04.20"]

1. d4 Nf6 2. Nc3 g6 3. e4 d6 4. f4 Bg7 5. Be3 O-O 6. Qd2 Nbd7 7. Nf3 c5 8.
O-O-O b5 9. Bxb5 Qb6 10. Bd3 Rb8 11. b3 Ng4 12. Nd5 Qd8 13. h4 e6 14. Nc3 Nxe3
15. Qxe3 Qa5 16. Kb2 cxd4 17. Nxd4 Qc5 18. e5 dxe5 19. fxe5 Bxe5 20. Nce2 Nb6
21. h5 Na4+ 22. Kc1 Nc3 23. hxg6 Nxe2+ 24. Bxe2 fxg6 25. g3 Bb7 26. Rh4 Rbc8
27. Bc4 Bd5 28. Qxe5 Qa3+ 29. Kd2 Bxc4 30. bxc4 Rf2+ 31. Ke1 Rcf8 32. Rf4 R8xf4
33. gxf4 Qg3 34. Ne2 Qf3 35. Kd2 Qg4 36. Rb1 Qh5 37. Rb8+ Kf7 38. Rb7+ Ke8 39.
Qh8# 1-0